000 00354nam a22001457a 4500
008 210602b ||||| |||| 00| 0 eng d
020 _a9780547069999
041 _aeng
080 _a510
082 _a510
100 _a38
101 _aMAT
245 _aCollege Algebra with Applications for Business and life Sciences
_cRon Larson
942 _2udc
_cBK
999 _c57919
_d57919